Mr. Karamsin's Julia (Запись № 12913966)

Подробности
000 -МАРКЕР
контрольное поле 02340nam0a2200517 4500
001 - ИДЕНТИФИКАТОР ЗАПИСИ
контрольное поле RU\NLR\BIBL_A\012712319
005 - ИДЕНТИФИКАТОР ВЕРСИИ
контрольное поле 20260406044438.0
035 ## - ДРУГИЕ СИСТЕМНЫЕ НОМЕРА
Идентификатор записи (NLR Aleph) 012712319
100 ## - ДАННЫЕ ОБЩЕЙ ОБРАБОТКИ
Данные общей обработки 20220221d1803 |||y0rusy50 ca
101 1# - ЯЗЫК РЕСУРСА
Язык текста, звукозаписи и т.д. английский
Язык промежуточного перевода французский
Язык оригинала русский
102 ## - СТРАНА ПУБЛИКАЦИИ ИЛИ ПРОИЗВОДСТВА
Страна публикации российская федерация
135 ## - ПОЛЕ КОДИРОВАННЫХ ДАННЫХ: ЭЛЕКТРОННЫЕ РЕСУРСЫ
Кодированные данные для электронного ресурса crcn 024anaba
140 ## - ПОЛЕ КОДИРОВАННЫХ ДАННЫХ: СТАРОПЕЧАТНЫЕ ИЗДАНИЯ - ОБЩАЯ ИНФОРМАЦИЯ
Кодированные данные о старопечатном издании - Основные y y |||||||| ya 000
200 1# - ЗАГЛАВИЕ И СВЕДЕНИЯ ОБ ОТВЕТСТВЕННОСТИ
Основное заглавие Mr. Karamsin's Julia
Первые сведения об ответственности translated from the Russ in to French by Mr. du Boullier, and from the French in to English by Ann P.H....
210 ## - ПУБЛИКАЦИЯ, РАСПРОСТРАНЕНИЕ И ДР.
Место издания, распространения и т.д. St. Petersburg [St.- Peterburg]
Имя издателя, распространителя и т. д. printed for F. Drechsler
Дата издания, распространения и т.д. 1803
215 ## - ФИЗИЧЕСКАЯ ХАРАКТЕРИСТИКА
Специфическое обозначение материала и объем 65, [1] с.
Размеры 12° (14 см)
304 ## - ПРИМЕЧАНИЯ, ОТНОСЯЩИЕСЯ К ЗАГЛАВИЮ И СВЕДЕНИЯМ ОБ ОТВЕТСТВЕННОСТИ
Текст примечания На тит. л. инициалы пер. Полное имя пер.: Ann Preuser Hawkins. Указ. в посвящ.
316 ## - ПРИМЕЧАНИЯ ОБ ОСОБЕННОСТЯХ ЭКЗЕМПЛЯРА
Текст примечания Экз. РНБ (13.16.8.60): Коричневый крапчатый обрез. На форзаце рукоп. помета (запись)
Организация и экземпляр, к которому относится поле NLR: 13.16.8.60
325 ## - ПРИМЕЧАНИЕ О КОПИИ
Текст примечания Копия доступна в Электрон. б-ке РНБ
517 1# - ДРУГИЕ ВАРИАНТЫ ЗАГЛАВИЯ
Вариант заглавия Julia
540 1# - ДОПОЛНИТЕЛЬНОЕ ЗАГЛАВИЕ, ПРИМЕНЯЕМОЕ КАТАЛОГИЗАТОРОМ
Заглавие Юлия [повесть]
620 ## - МЕСТО И ДАТА ПУБЛИКАЦИИ, ИСПОЛНЕНИЯ И Т. Д.
Город St.- Peterburg
686 0# - ИНДЕКСЫ ДРУГИХ КЛАССИФИКАЦИЙ
Индекс Ш6(2=Р)5-4
686 0# - ИНДЕКСЫ ДРУГИХ КЛАССИФИКАЦИЙ
Индекс Ш6(2=Р)57фр.
686 0# - ИНДЕКСЫ ДРУГИХ КЛАССИФИКАЦИЙ
Индекс Ш6(2=Р)57англ.
700 #1 - ИМЯ ЛИЦА - ПЕРВИЧНАЯ ОТВЕТСТВЕННОСТЬ
Код отношения Автор
Материалы, к которым относится поле rus
Графика поля Латинская
Начальный элемент ввода Karamzin
Часть имени, кроме начального элемента ввода N. M.
Даты 1766-1826
Расширение инициалов личного имени Nikolaj Michajlovič
Идентификатор авторитетной/нормативной записи RU\NLR\AUTH\774301
Системный номер авторитетной/нормативной записи 114282
702 #1 - ИМЯ ЛИЦА - ВТОРИЧНАЯ ОТВЕТСТВЕННОСТЬ
Начальный элемент ввода Preuser Hawkins
Часть имени, кроме начального элемента ввода A.
Расширение инициалов личного имени Ann
Код отношения Переводчик
702 #1 - ИМЯ ЛИЦА - ВТОРИЧНАЯ ОТВЕТСТВЕННОСТЬ
Начальный элемент ввода Drechsler
Часть имени, кроме начального элемента ввода F.
Расширение инициалов личного имени Friedrich
Код отношения Издатель
852 ## - МЕСТОНАХОЖДЕНИЕ И ШИФР ХРАНЕНИЯ
Идентификатор организации NLR
Наименование фонда или коллекции (Sub-Location Identifier) Rossica
Шифр хранения (Call Number) 13.16.8.60
942 ## - ДОПОЛНИТЕЛЬНЫЕ ЭЛЕМЕНТЫ ЗАПИСИ (АБИС)
Тип экземпляра АБИС Книга
980 ## - КОЛЛЕКЦИЯ
Название коллекции Национальная библиография
980 ## - КОЛЛЕКЦИЯ
Название коллекции Иностранная рекаталогизация: 17-19 век
981 41 - КОЛЛЕКЦИЯ ЭЛЕКТРОННОЙ БИБЛИОТЕКИ
Название коллекции Иностранный книжный фонд
981 33 - КОЛЛЕКЦИЯ ЭЛЕКТРОННОЙ БИБЛИОТЕКИ
Название коллекции Художественная литература
Название подколлекции 1.4. Переводы
981 33 - КОЛЛЕКЦИЯ ЭЛЕКТРОННОЙ БИБЛИОТЕКИ
Название коллекции Художественная литература
Название подколлекции 1. Отечественная литература
981 20 - КОЛЛЕКЦИЯ ЭЛЕКТРОННОЙ БИБЛИОТЕКИ
Название коллекции Книжные памятники РНБ
Название подколлекции Россика
Экземпляры
Тип экземпляра Дата поступления Библиотека постоянного хранения Библиотека текущего хранения Место хранения Штрих-код Статус не для выдачи
Книга 09.09.2022 РНБ (Садовая) РНБ (Садовая) Иностранный книжный фонд, главное здание (Садовая) ERR-254928